[Event "GER CCM-E03-D email"]
[Site "GER email"]
[Date "2019.06.19"]
[Round "?"]
[White "Benko, Bostjan"]
[Black "Jeute, Volkmar Peter"]
[Result "1/2-1/2"]
[WhiteElo "2226"]
[BlackElo "2217"]
[PlyCount "36"]
[EventDate "2019.??.??"]
[EventType "tourn (corr)"]
[EventRounds "13"]
[EventCountry "GER"]
[SourceTitle "Corr 2022"]
[Source "ChessBase"]
[SourceDate "2021.10.24"]
[SourceVersion "1"]
[SourceVersionDate "2021.10.24"]
[SourceQuality "1"]

1. e4 e6 2. d4 d5 3. Nd2 c5 4. Ngf3 cxd4 5. exd5 Qxd5 6. Bc4 Qd6 7. 0-0 Nf6 8. Nb3 Nc6 9. Nbxd4 Nxd4 10. Nxd4 a6 11. Re1 Qc7 12. Qe2 h6 13. h3 Bc5 14. Nb3 Bd6 15. Bd2 0-0 16. Bc3 b5 17. Bd3 Bb7 18. Na5 Bd5 1/2-1/2

[Event "GER CCM-E03-D email"]
[Site "GER email"]
[Date "2019.06.19"]
[Round "?"]
[White "Jeute, Volkmar Peter"]
[Black "Goreczny, Grzegorz"]
[Result "1/2-1/2"]
[WhiteElo "2217"]
[BlackElo "2235"]
[PlyCount "79"]
[EventDate "2019.??.??"]
[EventType "tourn (corr)"]
[EventRounds "13"]
[EventCountry "GER"]
[SourceTitle "Corr 2022"]
[Source "ChessBase"]
[SourceDate "2021.10.24"]
[SourceVersion "1"]
[SourceVersionDate "2021.10.24"]
[SourceQuality "1"]

1. d4 Nf6 2. Nf3 d5 3. e3 c5 4. c3 e6 5. Bd3 b6 6. Nbd2 Bb7 7. 0-0 Nbd7 8. Qe2 Ne4 9. Ne5 Nxe5 10. dxe5 Qc7 11. Bb5+ Bc6 12. Nxe4 dxe4 13. Bd2 Rd8 14. Rfd1 Be7 15. Bxc6+ Qxc6 16. c4 0-0 17. Bc3 a6 18. b3 Qc7 19. Qc2 Qb7 20. a4 b5 21. Ba5 Rxd1+ 22. Rxd1 Rb8 23. g3 bxc4 24. bxc4 Kf8 25. Kg2 g6 26. h3 Kg7 27. Kg1 h5 28. h4 Kg8 29. Kg2 Kf8 30. Re1 Qb3 31. Qxe4 Qxa4 32. Bc7 Rb2 33. Qa8+ Kg7 34. Bd6 Bxd6 35. exd6 Rd2 36. Qe4 Qa2 37. Rf1 Qb2 38. Qc6 Qa3 39. d7 Qd3 40. Qxc5 1/2-1/2

[Event "GER CCM-E03-D email"]
[Site "GER email"]
[Date "2019.06.19"]
[Round "?"]
[White "Jeute, Volkmar Peter"]
[Black "Pinho, Manuel Brandao"]
[Result "1/2-1/2"]
[WhiteElo "2217"]
[BlackElo "2218"]
[PlyCount "35"]
[EventDate "2019.??.??"]
[EventType "tourn (corr)"]
[EventRounds "13"]
[EventCountry "GER"]
[SourceTitle "Corr 2022"]
[Source "ChessBase"]
[SourceDate "2021.10.24"]
[SourceVersion "1"]
[SourceVersionDate "2021.10.24"]
[SourceQuality "1"]

1. d4 Nf6 2. Nf3 e6 3. e3 b6 4. Bd3 Bb7 5. 0-0 d5 6. Nbd2 Bd6 7. b3 0-0 8. Bb2 Ne4 9. c4 Qe7 10. Rc1 c5 11. Qe2 Nd7 12. Ne5 cxd4 13. Nxd7 Qxd7 14. cxd5 Nxd2 15. Qxd2 Bxd5 16. Bxd4 e5 17. Bb2 Bxg2 18. Kxg2 1/2-1/2